00417nam a22001457a 450000500170000001000150001702000260003203500130005803700130007110000180008424500700010226000370017227000420020930000200025120140708120623.0 aENG-109868 c300.00a9788181579256 aEN-93401 bDBAD/PUB aGomez, Daphne00aModes of illusion in the plays of Edward Albee /cby Daphne Gomez aCalcattabWriters Workshopc2009 a162/92 Lake GardensbCalcuttae700045 a249p.c22cm(Hb)